MDQL
is popping MORE tags! Check the
thread
!
Quizzes
Events
Quiz Creation
Community
Videos
Private Events
Remove Ads
Sign In
Join for FREE
Feedback
Dark Mode
Quiz Categories
Sports
Geography
Music
Movies
Television
Just For Fun
Miscellaneous
History
Literature
Language
Science
Gaming
Entertainment
Religion
Holiday
For Kids
Quiz Lab
Recent
Popular Today
Quiz Kudos Today
Editor Picks
Curator Picks
Quizzes by...
Day
Popularity
Type
Ratings
Length
Year
Community
Subscriptions
Recent Discussions
Orange Saloon
Badges
Playlists
Quests
Create
Leaderboards
Showdown
Live 5
Trivia Bingo
Activity
Puzzle Library
Sporcle Events
Private Events
Virtual Trivia
Globe League
Become a Host
Pub Owners
SporcleCon
Opinionation
Our Games
Videos
Blog
Mobile Apps
Partnerships
Remove Ads and Go Orange
Feedback
Sports
Athletes
MLB
NBA
NHL
NFL
Soccer
Sports Teams
WWE
NCAA
Football
Premier League
Basketball
Baseball
Hockey
Golf
Tennis
Cricket
Rugby
Auto Racing
Olympics
World Cup
Sports
Athletes
MLB
NBA
NHL
NFL
Soccer
Sports Teams
WWE
NCAA
Football
Premier League
Basketball
Baseball
Hockey
Golf
Tennis
Cricket
Rugby
Auto Racing
Olympics
World Cup
Random Quiz
Search Sporcle
×
Quiz Lab
Quiz Lab
Sports
NFL
Type in answers that appear in a list
Type in answers that appear in a list
Classic
Best Score? Go Orange.
2010 Rushing TDs Stats
Can you name the 2010 Rushing TDs?
By
bradman121293
8m
45 Questions
174 Plays
174 Plays
174 Plays
Comments
Comments
Give Quiz Kudos
Give Quiz Kudos
-
- Ratings
hide this ad
Replay
Link that replays current quiz
Next Quiz
Link to next quiz in quiz playlist
You Got
0%
They Got
Avg Score
86%
Avg Friend Score
Upgrade to see
Score Distribution
Jump to the score distribution portion of the page
Score
0/45
Timer
08:00
0
Plays Today
Player
% Correct
Adrian Peterson
100%
Chris Johnson
99.4%
Arian Foster
98.9%
Michael Turner
98.9%
Rashard Mendenhall
98.3%
Thomas Jones
98.3%
Steven Jackson
97.7%
Fred Jackson
97.1%
LaDainian Tomlinson
96.6%
Ray Rice
96.6%
Peyton Hillis
96%
Ahmad Bradshaw
96%
LeSean McCoy
96%
Maurice Jones-Drew
96%
Brandon Jacobs
95.4%
Darren McFadden
95.4%
Jamaal Charles
95.4%
Cedric Benson
94.8%
Ronnie Brown
94.8%
Michael Vick
94.3%
Joseph Addai
94.3%
BenJarvus Green-Ellis
93.1%
Michael Bush
93.1%
Player
% Correct
Matt Forte
93.1%
Marshawn Lynch
92.5%
Knowshon Moreno
89.7%
Marion Barber
89.1%
Willis McGahee
88.5%
Tim Hightower
85.6%
Jahvid Best
85.1%
Ryan Mathews
84.5%
Danny Woodhead
84.5%
LeGarrette Blount
82.8%
Mike Tolbert
81%
Chris Ivory
75.3%
Aaron Rodgers
73%
David Garrard
71.8%
Tim Tebow
70.1%
Brian Westbrook
69.5%
Ryan Torain
69%
John Kuhn
63.8%
Javarris James
60.9%
Maurice Morris
58%
Rashad Jennings
57.5%
Derrick Ward
48.9%
Quiz Playlist
Details
Report
Send in Message
Add To Playlist
Classic:
Type in answers that appear in a list
Quiz Source
Last Updated: Feb 16, 2017
Quiz Scoreboard
CHALLENGE
Sign Up to Join the Scoreboard
Show All
Scores
Hide
Comments
May contain spoilers
Recently Published
Holiday 10x10 Sorting Gallery
by lukepisani3
Holiday
15m
Two Season TV Shows II
by 123Four
Television
10m
Image Sorting: Flags VI
by Barbecue
Geography
2m
More to Explore
Quiz From the Vault
Featured Blog Post
14 Easter Pick-up Lines to Find Eggs With
hide this ad
You Might Also Like...
Tags
NFL Quiz
Running Backs
Today's Top Quizzes in Sports
Browse Sports
hide this ad
Today's Top Quizzes in NFL
Browse NFL
Top Contributed Quizzes in Sports
1
Les meilleurs buteurs des matchs entre le PSG et l’OM
2
Les entraîneurs de l'OM et du PSG au 21e siècle
3
2022 World Cup Stars
4
Les joueurs passés par le PSG et l'OM
5
Players with Multiple 50 Home Run Seasons
6
FIFA Club World Cup Champions
7
Top 10 NHL Goal Scorers of All Time
8
Les joueurs passés par le LOSC et le RC Lens
9
Criteria MLB: Left Handed Sluggers
10
2023 MLB Unique Player Accomplishments
Explore More
Trending Topics
Disney
Marvel
Crossword
NBA
Kpop
Harry Potter
Anime
The Office
Soccer
Country
NFL
Pokémon
Song
WWE
Puzzle
hide this ad
More By:
bradman121293
Quiz
Plays
Rating
Category
Featured
Created
2010 Rushing TDs
174
3.33
Sports
Jan 3, 2011
2010 Passing TDs
127
3.00
Sports
Jan 4, 2011
2010 top 3 passing leaders per team
87
Sports
Jan 5, 2011
papa roach albums
66
Music
Sep 6, 2010
Go to Creator's Profile
Score Distribution
Quiz Creator Spotlight
bradman121293
Follow
Send a Message
Quizzes Created
-
Created Quiz Play Count
-
More By This Creator
Popular Quizzes Today
1
Find the US States - No Outlines Minefield
2
Colored Red Africa Blitz
3
Find the 'City' Movie
4
The Countries of the World
5
Find the US States
6
5x2 Blitz: Bands
7
Find the Countries of Europe - No Outlines Minefield
8
US States
More Sports Quizzes
NFL Passing Leaders by Letter
Published
Trending Quizzes
Colored Red Europe Blitz I
Colored Red Europe Blitz II
Colored Red Africa Blitz II
Colored Red Europe Blitz III
Colored Red Africa Blitz III
Recently Updated
Odd Team Out - Big 4 Players
pecheneg
Quick Pick: 20 Twenties
pecheneg
March Madness Men's Triple Doubles
pecheneg
How Do You Spell That?
pecheneg
Godzilla Movies
pecheneg
Grab Bag: 4-10 Letters
pecheneg
2024 March Madness Bracket
pecheneg
Famous TV Couples
Peacemaker
Champions League XIs: Real Madrid
pecheneg
Largest US Cities 1790-2010
pecheneg
Trending Topics
Disney
NBA
Crossword
Marvel
Kpop
Anime
Harry Potter
Puzzle
The Office
Soccer
WWE
NFL
Song
Country
Pokémon
Your Account Isn't Verified!
In order to create a playlist on Sporcle, you need to verify the email address you used during registration. Go to your
Sporcle Settings
to finish the process.
Report this User
Report this user for behavior that violates our
Community Guidelines
.
Details:
Send Report
Go to the Sporcle.com Mobile Site →
Comments